LEADER 00732nab a2200181 i 4500 001 000000281593 003 CaOOAMICUS 005 20140908000000.0 008 140908n xx uu u0 0und r 013 $a34237 020 $a88-221-3966-6 040 $aSeMil$bita 245 10$aSpiegare la filosofia attraverso la scrittura. - 268 p. - Titolo principale dalla copertina. 500 $aGennaio-Aprile 2001. 700 1 $aBerto, Graziella.$0(OLS)http://semarc/name/47148 773 0 $t[2001].$d[Firenze] : La Nuova Italia, 2001.$w()105402 996 $6020$a88-221-3966-6$9(OLS)http://semarc/number/267949 996 $6245$aSpiegare la filosofia attraverso la scrittura. - 268 p. - Titolo principale dalla copertina.$9(OLS)http://semarc/title/364043 LEADER 00604nam a2200169 i 4500 001 000000145587 003 CaOOAMICUS 005 20051201000000.0 008 051201s1931 it u000 u fre u 013 $a120979 040 $aSeMil$bita 245 10$aConsécrations et bénédictions. 300 $a353 p. 773 0 $aPuniet, Pierre : de$tPontifical romain.$dLouvain : Abbaye du Mont César, 1930-1931.$gTome2$w()14883 850 $aSeMil 852 $aSeMil$W1$xVenegono$y1$m3K III 199$j241495$B245520$CSeMilBibl$Z2$F245520 $81 996 $6245$aConsécrations et bénédictions$9(OLS)http://semarc/title/212860